Concise ATLAS of The World (Record no. 6318)
[ view plain ]
| 000 -LEADER | |
|---|---|
| fixed length control field | 00275nam a2200121Ia 4500 |
| 008 - FIXED-LENGTH DATA ELEMENTS--GENERAL INFORMATION | |
| fixed length control field | 190704s9999||||xx |||||||||||||| ||und|| |
| 020 ## - INTERNATIONAL STANDARD BOOK NUMBER | |
| International Standard Book Number | 9781405328012 |
| 082 ## - DEWEY DECIMAL CLASSIFICATION NUMBER | |
| Classification number | 912 |
| Item number | MOR/C |
| 100 ## - MAIN ENTRY--PERSONAL NAME | |
| Personal name | Morris, Jan |
| 245 #0 - TITLE STATEMENT | |
| Title | Concise ATLAS of The World |
| 300 ## - PHYSICAL DESCRIPTION | |
| Extent | 350p |
| 942 ## - ADDED ENTRY ELEMENTS (KOHA) | |
| Koha item type | Book |
No items available.